| 000 | 00781nam a22002417a 4500 | ||
|---|---|---|---|
| 003 | 0 | ||
| 005 | 20251020084449.0 | ||
| 008 | 251020b xxu||||| |||| 00| 0 eng d | ||
| 020 | _a978-0-06-234396-3 | ||
| 050 |
_aBF 442 _b.D63 2013 |
||
| 100 |
_aDobelli, Rolf, _eauthor. |
||
| 245 |
_aThe art of thinking clearly / _cRolf Dobelli. |
||
| 250 | _aFirst U.S. edition. | ||
| 260 |
_aNew York : _bHarper, _c2013. |
||
| 300 |
_a358 pages ; _c18 cm |
||
| 500 | _a"Originally published in German as 'Die Kunst des klaren Denkens' by Carl Hanser Verlag, Munich, 2011." | ||
| 504 | _aIncludes bibliographical references. | ||
| 650 | _aReasoning (Psychology). | ||
| 650 | _aErrors - Psychological aspects. | ||
| 650 | _aDecision making. | ||
| 650 | _aCognition. | ||
| 942 |
_2lcc _cBK |
||
| 999 |
_c368278 _d368278 |
||